MDQL
is popping MORE tags! Check the
thread
!
Quizzes
Events
Quiz Creation
Community
Videos
Private Events
Remove Ads
Sign In
Join for FREE
Feedback
Dark Mode
Quiz Categories
Sports
Geography
Music
Movies
Television
Just For Fun
Miscellaneous
History
Literature
Language
Science
Gaming
Entertainment
Religion
Holiday
For Kids
Quiz Lab
Recent
Popular Today
Quiz Kudos Today
Editor Picks
Curator Picks
Quizzes by...
Day
Popularity
Type
Ratings
Length
Year
Community
Subscriptions
Recent Discussions
Orange Saloon
Badges
Playlists
Quests
Create
Leaderboards
Showdown
Live 5
Trivia Bingo
Activity
Puzzle Library
Sporcle Events
Private Events
Virtual Trivia
Globe League
Become a Host
Pub Owners
SporcleCon
Opinionation
Our Games
Videos
Blog
Mobile Apps
Partnerships
Remove Ads and Go Orange
Feedback
Television
TV Characters
TV Show
Sitcom
Network
Friends
Reality Shows
Cast
South Park
Star Trek
The Simpsons
Doctor Who
Television
TV Characters
TV Show
Sitcom
Network
Friends
Reality Shows
Cast
South Park
Star Trek
The Simpsons
Doctor Who
Random Quiz
Search Sporcle
×
Quiz Lab
Quiz Lab
Television
race
Type in answers that appear in a list
Type in answers that appear in a list
Classic
Best Score? Go Orange.
The Amazing Race Sibling Teams Stats
Can you name the The Amazing Race Sibling Teams?
By
KoolMika16
10m
32 Questions
60 Plays
60 Plays
60 Plays
Comments
Comments
Give Quiz Kudos
Give Quiz Kudos
-
- Ratings
hide this ad
Replay
Link that replays current quiz
Next Quiz
Link to next quiz in quiz playlist
You Got
0%
They Got
Avg Score
66%
Avg Friend Score
Upgrade to see
Score Distribution
Jump to the score distribution portion of the page
Score
0/32
Timer
10:00
0
Plays Today
Season
Contestant
% Correct
14
Kisha and Jen
86.7%
15
Sam and Dan
83.3%
16
Dan and Jordan
83.3%
21
Natalie and Nadiya
83.3%
14
Tammy and Victor
80%
13
Nick and Starr
80%
16
Jet and Cord
78.3%
20
Elliot and Andrew
78.3%
3
Derek and Drew
76.7%
25
Lisa and Michelle
76.7%
9
Lisa and Joni
75%
20
Misa and Maiya
75%
22
Bates and Anthony
75%
14
Mark and Michael
73.3%
19
Justin and Jennifer
71.7%
19
Liz and Marie
70%
Season
Contestant
% Correct
22
Idries and Jamil
70%
2
Mary and Peach
66.7%
3
Ken and Gerard
65%
12
Marianna and Julia
65%
12
Azaria and Hendekea
65%
2
Blake and Paige
63.3%
30
Eric and Daniel
61.5%
3
Tramel and Talicia
60%
10
Erwin and Godwin
56.7%
6
Lena and Kristy
56.7%
5
Kami and Karli
55%
2
Shola and Doyin
51.7%
7
Brian and Greg
50%
5
Marshall and Lance
48.3%
27
Ernest and Jin
48.3%
28
Darius and Cameron
48.3%
Quiz Playlist
Details
Report
Send in Message
Add To Playlist
Classic:
Type in answers that appear in a list
Last Updated: May 9, 2018
Quiz Scoreboard
CHALLENGE
Sign Up to Join the Scoreboard
Show All
Scores
Hide
Comments
May contain spoilers
Recently Published
Street Fighter Characters
by Artimus82
Gaming
60s
9x9 Crossword: Cartoon Network
by jackfrog10
Miscellaneous
3m
College Basketball Coaching Resumes
by pancakes188
Sports
9m
More to Explore
Quiz From the Vault
Featured Blog Post
Where Did the Easter Bunny Come From?
hide this ad
You Might Also Like...
Tags
Amazing
race
relationship
season
Sibling
team
Today's Top Quizzes in Television
Browse Television
hide this ad
Today's Top Quizzes in race
Browse race
Top Contributed Quizzes in Television
1
5-to-1: The Simpsons Families
2
Adjectives in 80s TV Shows
3
Adjectives in 00s TV Shows
4
Survivor Journey Challenge
5
5-to-1: Television Doctors
6
7-to-1: TV Show Settings
7
Adjectives in 10s TV Shows
8
5-to-1: Streaming Originals
9
Survivor Seasons
10
Adjectives in 70s TV Shows
Explore More
Trending Topics
Crossword
Anime
Kpop
Harry Potter
NBA
Marvel
Disney
Puzzle
NFL
WWE
The Office
Pokémon
Song
Soccer
Country
hide this ad
More By:
KoolMika16
Quiz
Plays
Rating
Category
Featured
Created
The Amazing Race Teams
3,031
5.00
Television
Jan 3, 2016
MasterChef Contestants
1,354
5.00
Television
Aug 27, 2016
Top Chef Contestants
1,195
5.00
Television
Jul 23, 2017
Ink Master Contestants
1,173
5.00
Television
Dec 31, 2015
Project Runway Contestants
232
4.50
Television
Aug 27, 2016
Go to Creator's Profile
Score Distribution
Quiz Creator Spotlight
KoolMika16
Follow
Send a Message
Quizzes Created
-
Created Quiz Play Count
-
More By This Creator
Popular Quizzes Today
1
Find the US States - No Outlines Minefield
2
Find the Countries of Europe - No Outlines Minefield
3
The Countries of the World
4
Find the US States
5
Risky Map Clicking: Biggest States A-Z
6
US States
7
Popular People in 1961
8
Movies - When Are They Set?
More Television Quizzes
TV Teenagers by Show Blitz II
Published
Trending Quizzes
Risky Map Clicking: Least Populous States A-Z
Countries of the World: 200 Million BC
1-10 Letter G Words
Risky Map Clicking: Next State Alphabetically
Adjectives in 80s TV Shows
Recently Updated
Leaping Animals
pecheneg
Reality TV Shows (A-Z)
bhenderson79
Rickey Henderson's Hall of Fame Teammates
pecheneg
Champions League XIs: Arsenal
pecheneg
Quick Pick: Celebrities in WWE's Hall of Fame
aduchscher
A-Z Keypad Blitz II
pecheneg
Multiple Oscar Actors
pecheneg
Mystery Phrase Blitz: Oscar 'Best Actors'
pecheneg
F. Scott Fitzgerald Novels
LTH
Pick 3 Villains
ddd62291
Trending Topics
Kpop
Marvel
Harry Potter
NBA
Disney
Crossword
Anime
The Office
Soccer
Pokémon
Song
NFL
Country
Puzzle
WWE
Your Account Isn't Verified!
In order to create a playlist on Sporcle, you need to verify the email address you used during registration. Go to your
Sporcle Settings
to finish the process.
Report this User
Report this user for behavior that violates our
Community Guidelines
.
Details:
Send Report
Go to the Sporcle.com Mobile Site →
Comments